| 000 | 00658nam a22002417a 4500 | ||
|---|---|---|---|
| 003 | OSt | ||
| 005 | 20180116183016.0 | ||
| 008 | 150930b xxu||||| |||| 00| 0 eng d | ||
| 020 | _a9788131720257 | ||
| 022 | _a9788131720257 | ||
| 040 | _c0 | ||
| 050 | _a005.74 | ||
| 082 | _a005.74 | ||
| 100 | _aConnolly,Thomas M. | ||
| 245 |
_aDatabase Systems. _bA Practical Approach to Design,Implementation,and Management. _cThomas M.Connolly. |
||
| 250 | _a4th. | ||
| 260 |
_aNew Delhi. _bPearson Educations. _c2013. |
||
| 300 | _a1374p. | ||
| 500 | _aPaper Cover | ||
| 600 | _aConnolly,Thomas M | ||
| 700 | _aConnolly,Thomas M | ||
| 942 |
_2ddc _cBK _k005.74 |
||
| 999 |
_c350391 _d350391 |
||